Library Banner

The Religion of Islam/ (Record no. 97064)

MARC details
000 -LEADER
fixed length control field 00383nam a22001457a 4500
005 - DATE AND TIME OF LATEST TRANSACTION
control field 20170815120054.0
008 - FIXED-LENGTH DATA ELEMENTS--GENERAL INFORMATION
fixed length control field 170815b xxu||||| |||| 00| 0 eng d
040 ## - CATALOGING SOURCE
Transcribing agency PK-LaUMT
082 ## - DEWEY DECIMAL CLASSIFICATION NUMBER
Classification number ZIAC 297
Item number ALI-R
100 ## - MAIN ENTRY--PERSONAL NAME
Personal name Ali , Muhammad
245 ## - TITLE STATEMENT
Title The Religion of Islam/
Statement of responsibility, etc Muhammad Ali
260 ## - PUBLICATION, DISTRIBUTION, ETC. (IMPRINT)
Place of publication, distribution, etc Lahore:
Name of publisher, distributor, etc The Ahmadiyya anjuman ishaat ,
Date of publication, distribution, etc 1971
300 ## - PHYSICAL DESCRIPTION
Extent 677 p.
942 ## - ADDED ENTRY ELEMENTS (KOHA)
Koha item type Books
Holdings
Withdrawn status Lost status Damaged status Home library Current library Date acquired Full call number Barcode Date last seen Price effective from Koha item type
      UMT Main Campus UMT Main Campus 2017-08-15 ZIAC 297 ALI-R 112795 2017-08-15 2017-08-15 Books